Les joueurs avec plus de 30k points en carrière NBA - Statistiques

Statistiques générales
  • Ce quiz a été pris 451 fois
    100 depuis la dernière actualisation
  • Le résultat moyen est 7 sur 8
Statistiques - réponses
Rang Nom Points % Correct
1 LeBron James 42 184
100%
5 Michael Jordan 32 292
98%
4 Kobe Bryant 33 643
94%
2 Kareem Abdul-Jabbar 38 387
93%
8 Kevin Durant 30 571
84%
3 Karl Malone 36 928
78%
7 Wilt Chamberlain 31 419
67%
6 Dirk Nowitzki 31 560
53%
Aucun quiz correspondant
Distribution des résultats
% des personnes avec chaque résultat
Percentile par nombre de réponses
Votre historique - résultats
Vous n’avez pas pris ce quiz depuis la dernière actualisation